Cm̤o crear marcas que funcionen

Bibliographic Details
Main Author: Sterman, Alejo
Format: eBook
Language:Spanish
Published: Bogot:̀ Ediciones de la U, 2013
Subjects:
Online Access:Acceso restringido

MARC

LEADER 00000nam a22000007a 4500
005 20210706002518.0
007 cr|||| ||||
008 210706s2013 co |||||s|||| 00||0 spa d
020 |a 978-958-762-125-9 
035 |a 33334 
040 |a vLex 
090 |c 11847  |d 11847 
100 1 |a Sterman, Alejo 
245 1 0 |a Cm̤o crear marcas que funcionen  |h [Recurso electrn̤ico] /  |c Alejo Sterman 
256 |a Servicio en ln̕ea 
260 |a Bogot:̀  |b Ediciones de la U,  |c 2013 
300 |a 1 recurso electrn̤ico 
500 |a Para explicar la idea de este libro el autor recurre a un ejemplo "futbolero" porque es ms̀ simple. Si tuvišemos que definir qu ̌es el "Ft︢bol de Saln̤", o "Ft︢bol Sala" o tambiň llamado "Papi Ft︢bol", debera̕mos empezar diciendo que es una adaptacin̤ deportiva del ft︢bol original de cancha de 11 y para entender mejor lo que es el ft︢bol de 11 jugadores, lo ideal sera̕ empezar observando un Campeonato Mundial, ya que es el concepto del ft︢bol, en su mx̀ima expresin̤, a partir de ah ̕el Ft︢bol de Saln̤, sera̕ la simplificacin̤ de la simplificacin̤, pero que a pesar de ello, se puede jugar y vivir en un club o en un barrio, con una pasin̤ similar a un Mundial, con el Branding ocurre algo parecido, ya que es la metodologa̕ de anl̀isis, desarrollo e implementacin̤ de marcas que se cre ̤para trabajar con grandes compaą̕s; que suelen manejar enormes presupuestos y recursos, a nivel mundial. Pero entendiendo cm̤o es el juego, el Branding es una disciplina de trabajo que tambiň se puede simplificar y adaptar, para que un emprendedor, un equipo gerencial o el empresario de una pequeą mediana empresa, sepan cm̤o "pararse en la ancha", para que su marca juegue bien en el mercado. 
506 1 |a Disponible solo en los productos indicados  |d vLex Global  |d vLex Global (Academic Edition, excluding Law Schools)  |d vLex Global (U.S. Academic Edition, Law Schools)  |d vLex Global (U.S. Academic Edition, excluding Law Schools)  |d vLex Global (Academic Edition, Law Schools) 
650 0 4 |a Marketing  |z Colombia 
740 0 |a vLex Libros (Servicio en ln̕ea) 
856 0 4 |u https://vlex.com/source/como-crear-marcas-que-funcionen-33334  |z Acceso restringido 
942 |c BOOK 
999 0 |a Marketing